ඉන්දුනීසියාව (Record no. 137528)
[ view plain ]
| 000 -LEADER | |
|---|---|
| fixed length control field | 00423nam a2200169Ia 4500 |
| 003 - CONTROL NUMBER IDENTIFIER | |
| control field | LK-CoDNM |
| 008 - FIXED-LENGTH DATA ELEMENTS--GENERAL INFORMATION | |
| fixed length control field | 010623t xxu||||| |||| 00| 1 sin d |
| 040 ## - CATALOGING SOURCE | |
| Original cataloging agency | LK-CoDNM |
| Modifying agency | LK-CoDNM |
| Description conventions | LK-CoDNM |
| 041 ## - LANGUAGE CODE | |
| Language code of text/sound track or separate title | Sinhala; Sinhalese |
| 080 ## - UNIVERSAL DECIMAL CLASSIFICATION NUMBER | |
| Universal Decimal Classification number | 91(910)HULUGA |
| 942 ## - ADDED ENTRY ELEMENTS (KOHA) | |
| Koha item type | Books |
| 100 ## - MAIN ENTRY--PERSONAL NAME | |
| Personal name | Hulugalla, Seetha |
| 245 ## - TITLE STATEMENT | |
| Title | ඉන්දුනීසියාව |
| 246 ## - VARYING FORM OF TITLE | |
| Title proper/short title | Induneesiyava |
| 260 ## - PUBLICATION, DISTRIBUTION, ETC. (IMPRINT) | |
| Name of publisher, distributor, etc. | Saman |
| Place of publication, distribution, etc. | Maharagama |
| 300 ## - PHYSICAL DESCRIPTION | |
| Other physical details | 149p,pl, 18 cm |
| Withdrawn status | Lost status | Damaged status | Not for loan | Collection code | Permanent Location | Current Location | Date acquired | Full call number | Barcode | Koha item type |
|---|---|---|---|---|---|---|---|---|---|---|
| Monographs | Library National Museum Colombo - Sri Lanka | Library National Museum Colombo - Sri Lanka | 2023-08-02 | 91(910)HULUGA | 82469 | Books |


